Footballers Who Played For 2+ London Clubs in the Premier League - Statistics

General Stats
  • This quiz has been taken 529 times
    147 since last reset
  • The average score is 34 of 212
Answer Stats
Player Clubs % Correct
Ashley Cole Arsenal, Chelsea
75%
Carlton Cole Charlton Athletic, Chelsea, West Ham United
75%
Joe Cole Chelsea, West Ham United
75%
Sol Campbell Arsenal, Tottenham Hotspur
67%
Fraizer Campbell Crystal Palace, Tottenham Hotspur
66%
Petr Čech Arsenal, Chelsea
63%
Willian Arsenal, Chelsea, Fulham
61%
William Gallas Arsenal, Chelsea, Tottenham Hotspur
60%
Declan Rice Arsenal, West Ham United
55%
Frank Lampard Chelsea, West Ham United
51%
Ian Wright Arsenal, West Ham United
48%
Darren Bent Charlton Athletic, Fulham, Tottenham Hotspur
46%
Kai Havertz Arsenal, Chelsea
46%
Marcus Bent Charlton Athletic, Crystal Palace
46%
Cesc Fàbregas Arsenal, Chelsea
45%
David Luiz Arsenal, Chelsea
45%
Raheem Sterling Arsenal, Chelsea
45%
Scott Parker Charlton Athletic, Chelsea, Fulham, Tottenham Hotspur, West Ham United
44%
David Raya Arsenal, Brentford
42%
Jorginho Arsenal, Chelsea
42%
Steve Jones Charlton Athletic, West Ham United
42%
Vinnie Jones Chelsea, Wimbledon
42%
Les Ferdinand Queens Park Rangers, Tottenham Hotspur, West Ham United
41%
Emile Smith Rowe Arsenal, Fulham
40%
Jermain Defoe Tottenham Hotspur, West Ham United
40%
Demba Ba Chelsea, West Ham United
39%
Olivier Giroud Arsenal, Chelsea
39%
Nicolas Anelka Arsenal, Chelsea
38%
Emmanuel Adebayor Arsenal, Crystal Palace, Tottenham Hotspur
37%
Andy Johnson Crystal Palace, Fulham, Queens Park Rangers
36%
Glen Johnson Chelsea, West Ham United
36%
Pierre-Emerick Aubameyang Arsenal, Chelsea
36%
Emmanuel Petit Arsenal, Chelsea
34%
Anton Ferdinand Queens Park Rangers, West Ham United
33%
Rio Ferdinand Queens Park Rangers, West Ham United
33%
Bernd Leno Arsenal, Fulham
32%
Alex Iwobi Arsenal, Fulham
31%
Eddie Nketiah Arsenal, Crystal Palace
31%
Reiss Nelson Arsenal, Fulham
29%
Robbie Keane Tottenham Hotspur, West Ham United
29%
Gary Cahill Chelsea, Crystal Palace
27%
Christian Eriksen Brentford, Tottenham Hotspur
26%
Jack Wilshere Arsenal, West Ham United
24%
Nigel Winterburn Arsenal, West Ham United
24%
Clint Dempsey Fulham, Tottenham Hotspur
23%
Michael Carrick Tottenham Hotspur, West Ham United
23%
Shaun Wright-Phillips Chelsea, Queens Park Rangers
23%
Simon Davies Fulham, Tottenham Hotspur
23%
Yossi Benayoun Arsenal, Chelsea, West Ham United
23%
Calum Chambers Arsenal, Fulham
22%
Carl Jenkinson Arsenal, West Ham United
22%
David Bentley Arsenal, Tottenham Hotspur
22%
Fredrik Ljungberg Arsenal, West Ham United
22%
Łukasz Fabiański Arsenal, West Ham United
22%
Teddy Sheringham Tottenham Hotspur, West Ham United
22%
Clive Wilson Queens Park Rangers, Tottenham Hotspur
21%
Dimitar Berbatov Fulham, Tottenham Hotspur
21%
Rob Holding Arsenal, Crystal Palace
21%
Andy Reid Charlton Athletic, Tottenham Hotspur
20%
Carlo Cudicini Chelsea, Tottenham Hotspur
20%
Danny Murphy Charlton Athletic, Fulham, Tottenham Hotspur
20%
Luke Young Charlton Athletic, Queens Park Rangers, Tottenham Hotspur
20%
Lassana Diarra Arsenal, Chelsea
19%
Paul Konchesky Charlton Athletic, Fulham, Tottenham Hotspur, West Ham United
19%
Conor Gallagher Chelsea, Crystal Palace
18%
Michael Hughes Crystal Palace, West Ham United, Wimbledon
18%
Mousa Dembélé Fulham, Tottenham Hotspur
18%
Alex Song Arsenal, Charlton Athletic, West Ham United
17%
Jerome Thomas Charlton Athletic, Crystal Palace
17%
Paolo Di Canio Charlton Athletic, West Ham United
17%
Samir Nasri Arsenal, West Ham United
17%
Armand Traoré Arsenal, Queens Park Rangers
16%
Mark Bowen Charlton Athletic, West Ham United
16%
Matthew Upson Arsenal, West Ham United
16%
Ruben Loftus-Cheek Chelsea, Crystal Palace, Fulham
16%
Sean Davis Fulham, Tottenham Hotspur
16%
Bobby Zamora Fulham, Queens Park Rangers, Tottenham Hotspur, West Ham United
15%
Damien Duff Chelsea, Fulham
15%
Gustavo Poyet Chelsea, Tottenham Hotspur
15%
John Hartson Arsenal, West Ham United, Wimbledon
15%
Kurt Zouma Chelsea, West Ham United
15%
Loïc Rémy Chelsea, Crystal Palace, Queens Park Rangers
15%
Louis Saha Fulham, Tottenham Hotspur
15%
Luis Boa Morte Arsenal, Fulham, West Ham United
15%
Trevor Sinclair Queens Park Rangers, West Ham United
15%
Eiður Guðjohnsen Chelsea, Fulham, Tottenham Hotspur
14%
Issa Diop Fulham, West Ham United
14%
Joachim Andersen Crystal Palace, Fulham
14%
Nathaniel Chalobah Chelsea, Fulham
14%
Steed Malbranque Fulham, Tottenham Hotspur
14%
Timo Werner Chelsea, Tottenham Hotspur
14%
Trevoh Chalobah Chelsea, Crystal Palace
14%
Adel Taarabt Fulham, Queens Park Rangers, Tottenham Hotspur
13%
Andros Townsend Crystal Palace, Queens Park Rangers, Tottenham Hotspur
13%
Frédéric Kanouté Tottenham Hotspur, West Ham United
13%
Marouane Chamakh Arsenal, Crystal Palace, West Ham United
13%
Ryan Sessegnon Fulham, Tottenham Hotspur
13%
Michael Brown Fulham, Tottenham Hotspur
12%
Neil Ruddock Tottenham Hotspur, West Ham United
12%
Robert Green Queens Park Rangers, West Ham United
12%
Aaron Wan-Bissaka Crystal Palace, West Ham United
11%
Andy Roberts Crystal Palace, Wimbledon
11%
Chris Armstrong Crystal Palace, Tottenham Hotspur
11%
Jermaine Jenas Queens Park Rangers, Tottenham Hotspur
11%
Kieron Dyer Queens Park Rangers, West Ham United
11%
Alex McCarthy Crystal Palace, Queens Park Rangers
10%
Ben Chilwell Chelsea, Crystal Palace
10%
Brede Hangeland Crystal Palace, Fulham
10%
Emerson Palmieri Chelsea, West Ham United
10%
Francis Jeffers Arsenal, Charlton Athletic
10%
Ian Pearce Chelsea, Fulham, West Ham United
10%
Sergio Reguilón Brentford, Tottenham Hotspur
10%
Victor Moses Chelsea, West Ham United
10%
Wayne Bridge Chelsea, Fulham, West Ham United
10%
James Tomkins Crystal Palace, West Ham United
9%
Jimmy Floyd Hasselbaink Charlton Athletic, Chelsea
9%
Mark Bright Charlton Athletic, Crystal Palace
9%
Michy Batshuayi Chelsea, Crystal Palace
9%
Yaya Sanogo Arsenal, Crystal Palace
9%
Alphonse Areola Fulham, West Ham United
8%
Claus Jensen Charlton Athletic, Fulham
8%
Mathieu Flamini Arsenal, Crystal Palace
8%
Stephen Kelly Fulham, Tottenham Hotspur
8%
Jason Euell Charlton Athletic, Wimbledon
7%
Mark Schwarzer Chelsea, Fulham
7%
Niko Kranjčar Queens Park Rangers, Tottenham Hotspur
7%
Philippe Senderos Arsenal, Fulham
7%
Steve Sidwell Chelsea, Fulham
7%
Ben Thatcher Charlton Athletic, Tottenham Hotspur, Wimbledon
6%
Cédric Soares Arsenal, Fulham
6%
Chris Perry Charlton Athletic, Tottenham Hotspur, Wimbledon
6%
Iain Dowie Crystal Palace, West Ham United
6%
Julian Gray Arsenal, Fulham
6%
Neil Sullivan Chelsea, Tottenham Hotspur, Wimbledon
6%
Shaun Derry Crystal Palace, Queens Park Rangers
6%
Tosin Adarabioyo Chelsea, Fulham
6%
André Schürrle Chelsea, Fulham
5%
Andy Sinton Queens Park Rangers, Tottenham Hotspur
5%
Davor Šuker Arsenal, West Ham United
5%
Kasey Keller Fulham, Tottenham Hotspur
5%
Lucas Pérez Arsenal, West Ham United
5%
Patrick van Aanholt Chelsea, Crystal Palace
5%
Sandro Queens Park Rangers, Tottenham Hotspur
5%
Steven Caulker Queens Park Rangers, Tottenham Hotspur
5%
Tal Ben Haim Chelsea, Queens Park Rangers, West Ham United
5%
Albert Sambi Lokonga Arsenal, Crystal Palace
4%
Cheikhou Kouyaté Crystal Palace, West Ham United
4%
Emmanuel Frimpong Arsenal, Fulham
4%
Fitz Hall Crystal Palace, Queens Park Rangers
4%
Graham Stuart Charlton Athletic, Chelsea
4%
Jason Puncheon Crystal Palace, Queens Park Rangers
4%
Jérémie Aliadiére Arsenal, West Ham United
4%
John Scales Tottenham Hotspur, Wimbledon
4%
Konstantinos Mavropanos Arsenal, West Ham United
4%
Ola Aina Chelsea, Fulham
4%
Carlos Vinícius Fulham, Tottenham Hotspur
3%
Gavin Peacock Charlton Athletic, Chelsea
3%
Jonathan Spector Charlton Athletic, West Ham United
3%
Jordan Mutch Crystal Palace, Queens Park Rangers
3%
José Bosingwa Chelsea, Queens Park Rangers
3%
Matthew Etherington Tottenham Hotspur, West Ham United
3%
Mido Tottenham Hotspur, West Ham United
3%
Øyvind Leonhardsen Tottenham Hotspur, Wimbledon
3%
Ray Wilkins Crystal Palace, Queens Park Rangers
3%
Wayne Routledge Crystal Palace, Fulham, Tottenham Hotspur
3%
Armando Broja Chelsea, Fulham
2%
Danny Gabbidon Crystal Palace, Queens Park Rangers, West Ham United
2%
Eddie McGoldrick Arsenal, Crystal Palace
2%
Gaël Kakuta Chelsea, Fulham
2%
Hans Segers Tottenham Hotspur, Wimbledon
2%
Heiðar Helguson Fulham, Queens Park Rangers
2%
Hermann Hreiðarsson Charlton Athletic, Crystal Palace, Wimbledon
2%
Ilie Dumitrescu Tottenham Hotspur, West Ham United
2%
John Salako Charlton Athletic, Crystal Palace
2%
Josh Onomah Fulham, Tottenham Hotspur
2%
Lewis Holtby Fulham, Tottenham Hotspur
2%
Manor Solomon Fulham, Tottenham Hotspur
2%
Mauro Zárate Queens Park Rangers, West Ham United
2%
Mick Harford Chelsea, Wimbledon
2%
Neil Shipperley Chelsea, Crystal Palace
2%
Ryan Nelsen Queens Park Rangers, Tottenham Hotspur
2%
Scott Minto Chelsea, West Ham United
2%
Shaun Newton Charlton Athletic, West Ham United
2%
Aleksey Smertin Charlton Athletic, Chelsea, Fulham
1%
Andy Impey Queens Park Rangers, West Ham United
1%
Andy Thorn Crystal Palace, Wimbledon
1%
Calum Davenport Tottenham Hotspur, West Ham United
1%
Damian Matthew Chelsea, Crystal Palace
1%
Håvard Nordtveit Fulham, West Ham United
1%
Jay Bothroyd Charlton Athletic, Queens Park Rangers
1%
John Paintsil Fulham, West Ham United
1%
Jon Harley Chelsea, Fulham
1%
Kagisho Dikgacoi Crystal Palace, Fulham
1%
Nigel Quashie Queens Park Rangers, West Ham United
1%
Paul Stalteri Fulham, Tottenham Hotspur
1%
Radek Černý Queens Park Rangers, Tottenham Hotspur
1%
Rufus Brevett Fulham, Queens Park Rangers, West Ham United
1%
Simon Osborn Crystal Palace, Queens Park Rangers
1%
Timothy Fosu-Mensah Crystal Palace, Fulham
1%
Zeki Fryers Crystal Palace, Tottenham Hotspur
1%
Anthony Barness Charlton Athletic, Chelsea
0%
Bjarne Goldbæk Chelsea, Fulham
0%
Craig Forrest Chelsea, West Ham United
0%
Danny Granville Chelsea, Crystal Palace
0%
Darren Randolph Charlton Athletic, West Ham United
0%
Gabor Kiraly Crystal Palace, West Ham United
0%
Gonzalo Sorondo Charlton Athletic, Crystal Palace
0%
Hogan Ephraim Queens Park Rangers, West Ham United
0%
Kaba Diawara Arsenal, West Ham United
0%
Lee Hodges Tottenham Hotspur, West Ham United
0%
Paul Mortimer Charlton Athletic, Crystal Palace
0%
Saša Ilić Charlton Athletic, West Ham United
0%
No matching quizzes found
Score Distribution
Percent of People with Each Score
Percentile by Number Answered
Your Score History
You have not taken this quiz since the last reset